000 00494nam a2200217Ia 4500
008 210210b1902 xxu||||| |||| 00| 0 eng d
041 _aeng
082 _a513/53
100 _aFORSYTH (A R)
245 _aTheory of differential equations Vol IV
260 _aLondon
_bAt the University Press
_c1902
440 _a4
650 _aVol
650 _aTheory
650 _aof
650 _aIV
650 _aequations
650 _adifferential
690 _aCalculus
906 _a007333
999 _c139760
_d139760